Normal view
MARC view
- Sastrías de Porcel, Martha,
Entry Nombre Personal
001 - NUMERO DE CONTROL
- campo de control: 37285
003 - IDENTIFICADOR DE NUMERO DE CONTROL
- campo de control: UPN
005 - FECHA Y HORA DE LA ÜLTIMA TRANSACCIÓN
- campo de control: 20210219194523.0
008 - DATOS DE LONGITUD FIJA
- campo de control de longitud fija: nabaccnnaabn|||||||||| b |nc|||||d
035 ## - NUMERO DE CONTROL
- Número de control: UPN11000009392
040 ## - FUENTE DE CATALOGACIÓN
- Lenguaje de catalogación: SPA
- Agencia de transcripción: UPN
100 1# - ENCABEZAMIENTO - NOMBRE PERSONAL
- Nombre personal: Sastrías de Porcel, Martha,
- Fechas asociadas con el nombre: 1938-
400 1# - VEÁSE - NOMBRE DE PERSONA
- Personal name: Sastrías, Martha,
- Dates associated with a name: 1938-
670 ## - FUENTE EN LA QUE SE LOCALIZARON DATOS
- Cita de la fuente: T
- Información localizada: http://www.literatura.bellasartes.gob.mx/acervos/index.php/catalogo-biobibliografico/para-ninos-y-jovenes/1801
680 ## - NOTA PUBLICA DE ACCESO PÚBLICO
- Frase explicativa de la referencia: México. Dramaturga y narradora. Profesora en la Universidad Panamericana; encargada del taller de creación literaria del Instituto Anglo-Mexicano de Cultura; fundadora del Programa Internacional de Acercamiento a la Literatura Infantil “Piali”, y del concurso interescolar Juan de Dios Peza; investigadora y autora de numerosos textos sobre didáctica de la lectura; y colaboradora de la Revista de la Universidad Pedagógica Nacional. Ha escrito, de manera individual y colectiva, cuentos y obras para niños. También ha compilado y realizado diversas antologías de cuentos y teatro elaborados por niños latinoamericanos, cuyas edades oscilan entre los seis y los diez años.
902 ## - CATALOGADOR
- Catalogador: EMR/220615
